• 首页
  • 本馆介绍
  • 公告通知
  • 最新文献
  • 馆藏检索
  • 电子资源
  • 读者导购
  • 参考咨询
  • 我的图书馆
  • 登录
  • 详细信息显示
  • 放入我的书架
  • 预约/预借图书
  • 作者相关作品
  • 分类相关作品
  • 丛书相关作品
  • 出版社相关作品

书目信息

  • 表格格式
  • 工作单格式
  • 卡片格式
书名: Such a long journey
作者: Robinton Mistry.
分册号:
分册名:
出版地: London :
 
出版社: Faber and Faber
出版时间: 1991.
页数: 339 p. ;
开本: 25 cm.
丛书名:
中图分类号:
科图分类号:
其他分类号: I351.4
主题词:
电子资源:
000 00598nam a2200229 a 4500
001 E0736346807
003 CAL
005 20070710100815.57
008 960104s1991 enk 000 1 eng d
010    @aC92-13291-X
020    @a0571161472.
040    @aCaOHM@beng@cCaOONLB@dCaOONL
055  2 @aPS8576
055  0 @aPS8576 I853@bS79 1991
082 0  @aC813/.54@220
090    @aI351.4
093    @aI351.4@23rd
099    @dI351.4@ex8
100 1  @aMistry, Robinton,@d1952-
245 10 @aSuch a long journey / @cRobinton Mistry.
260    @aLondon :@bFaber and Faber,@c1991.
300    @a339 p. ;@c25 cm.
    
    Such a long journey / / Robinton Mistry.-London : : Faber and Faber, , 1991.
    339 p. ; ; 25 cm.
    
    
    ISBN 0571161472.
    
●
相关链接 在E读中查询图书 在五车中查询图书 在当当中查询图书 在豆瓣中查询图书


正题名:Such a long journey     索取号:I351.4/x8         预约/预借

序号 登录号 条形码 馆藏地/架位号 状态 备注
1 0011685   300116853   第二样本阅览室/ [索取号:I351.4/x8] 在馆    
唐山师范学院图书馆 欢迎您!
大连网信软件有限公司© 版权所有